El Estado actual de la guerra y sus perspectivas /
Análisis del movimiento revolucionario en El Salvador. Se examina el problema de las fuerzas motrices de la revolución, por considerarlo el factor histórico estructural más importante del proceso y al cual se supedita el avance general de la revolución. Se analiza, históricamente, a las clases traba...
Salvato in:
| Autore principale: | |
|---|---|
| Natura: | testo |
| Lingua: | Spanish |
| Soggetti: | |
| Tags: |
Aggiungi Tag
Nessun Tag, puoi essere il primo ad aggiungerne!!
|
MARC
| LEADER | 00000 a a2200000 04500 | ||
|---|---|---|---|
| 001 | 16626 | ||
| 003 | cru CIDCACS/IIS | ||
| 005 | 20180827150057.0 | ||
| 007 | ta | ||
| 008 | 180827b ||||| |||| 00| 0 spa d | ||
| 999 | |c 26104 |d 26104 | ||
| 040 | |c cru CIDCACS/IIS | ||
| 100 | |a Villalobos, Joaquín | ||
| 245 | |a El Estado actual de la guerra y sus perspectivas / |c Joaquín Villalobos | ||
| 520 | |a Análisis del movimiento revolucionario en El Salvador. Se examina el problema de las fuerzas motrices de la revolución, por considerarlo el factor histórico estructural más importante del proceso y al cual se supedita el avance general de la revolución. Se analiza, históricamente, a las clases trabajadoras salvadoreñas (últimas dos décadas) y los niveles de organización que han alcanzado en esos años. En el análisis se incluyen todos los sectores populares, la marcha de la guerra popular y el desarrollo de la conciencia política de las masas populares, así como el alto grado de intervención extranjera en la región y las violaciones a los derechos humanos (que se expresan en bombardeos indiscriminados y desalojos masivos de la población residente en zonas conflictivas, al igual que por el asesinato y desaparición de los dirigentes del movimiento popular) Finalmente, se hace mención acerca de la negociación política como la mejor solución posible a la guerra en El Salvador. | ||
| 650 | |a GUERRA | ||
| 650 | |a REVOLUCION | ||
| 650 | |a MILITARISMO | ||
| 650 | |a POBLACION AGRICOLA | ||
| 650 | |a ORGANIZACIONES CAMPESINAS | ||
| 650 | |a INTERVENCION EXTRANJERA | ||
| 650 | |a LUCHA DE CLASES | ||
| 650 | |a FRENTE FARABUNDO MARTI PARA LA LIBERACION NACIONAL, SV | ||
| 650 | |a ORGANIZACIONES INTERNACIONALES | ||
| 650 | |a DERECHOS HUMANOS | ||
| 650 | 4 | |a IMPERIALISMO |9 1924 | |
| 651 | 4 | |9 1928 |a EL SALVADOR | |
| 773 | |g número 1; páginas 42-67 | ||
| 942 | |2 ddc |c PP | ||
